Women, Violence and social stigma (Record no. 1848405)

MARC details
000 -LEADER
fixed length control field 00490nam a22001817a 4500
005 - DATE AND TIME OF LATEST TRANSACTION
control field 20260423113808.0
008 - FIXED-LENGTH DATA ELEMENTS--GENERAL INFORMATION
fixed length control field 260423b |||||||| |||| 00| 0 eng d
037 ## - SOURCE OF ACQUISITION
Terms of availability DSWL
040 ## - CATALOGING SOURCE
Original cataloging agency DSWL
Transcribing agency DSWL
041 ## - LANGUAGE CODE
Language code of original eng
100 ## - MAIN ENTRY--PERSONAL NAME
Personal name Furr, L Allen
9 (RLIN) 1235471
245 ## - TITLE STATEMENT
Title Women, Violence and social stigma
260 ## - PUBLICATION, DISTRIBUTION, ETC.
Place of publication, distribution, etc. Jaipur,
Name of publisher, distributor, etc. Rawat Publication,
Date of publication, distribution, etc. 2018
300 ## - PHYSICAL DESCRIPTION
Extent 159p
365 ## - TRADE PRICE
Price type code INR
Price amount 650
942 ## - ADDED ENTRY ELEMENTS (KOHA)
Source of classification or shelving scheme Colon Classification (CC)
Koha item type Textual
Suppress in OPAC No
Holdings
Withdrawn status Lost status Source of classification or shelving scheme Damaged status Not for loan Home library Current library Date acquired Source of acquisition Cost, normal purchase price Inventory number Total Checkouts Barcode Date last seen Price effective from Koha item type
    Colon Classification (CC)     Department of Social Work Library Department of Social Work Library 2018-02-28 Standard Book House 650.00 606/26.02.18   SW0032367 2026-04-23 2026-04-23 Textual
Copyright @ Delhi University Library System